000 01609nam a2200133Ia 4500
008 220620s9999||||xx |||||||||||||| ||und||
020 _a9783040000000
245 0 _aMagnetic Nanomaterials
546 _aEnglish[eng]
650 _adisordered magnetism||super-spin glass||glassy correlation length||magnetic freezing||nanogranular Au/Fe-oxide||Fe-oxide nanocrystallites||synthetic antiferromagnet||exchange bias||interlayer exchange coupling||vibrating sample magnetometry||CoFeB||thermally assisted magnetic scanning probe lithography||magnetron sputtering||nanoparticles||sol-gel||Raman spectroscopy||UV-blue photoluminescence||ZnNiO||Kubelka-Munk function||Burstein-Moss shift||substitutional doping||FePd alloy||electrodeposition technique||magnetic properties||structural characterisation||ferrimagnetic materials||superparamagnetism||magnetic hysteresis||magnetic materials||magnetic nanoparticles||nanocomposites||nanowires||martensitic transition||Heusler alloys||magnetic shape memory alloys||twin boundary||epitaxial Ni-Mn-Ga films||transmission electron microscopy||magnetic anisotropy||iron nitrides||III-nitrides||nanocrystals||density functional theory||magnetic hyperthermia||magneto-sonoporation||stem cells||superparamagnetic iron oxide particles||cell labelling||ultrasounds||osteogenesis||bone tissue engineering||magnetic aggregates||magnetic interactions||core/shell nanoparticles||multicore nanoparticles||hybrid systems||mixed nanoparticle systems||chemical synthesis||magnetic heating
700 _aDel Bianco, Lucia
856 _uhttps://mdpi.com/books/pdfview/book/5017
942 _cEB
999 _c23682
_d23682